00512nam a2200205Ia 450000500170000000800410001702000280005804000190008604100120010508200160011710000130013324500300014626000340017630000110021044000170022150400190023865000140025765100240027185000110029520240424145850.0131103s9999 xx 000 0 und d a81 7094 254 3cRs.75.00 aLoreto College aEnglish a371.3 bFRY aFry, Ron a 'Ace' Any TestcRon Fry aNew DelhibVision Booksc1996 a128p.  aHow to study aIncludes index aEducation aSchool organisation aLCBED